आमSो मित्र आमSो शत्रू (Record no. 333195)

MARC details
000 -LEADER
fixed length control field 00578nam a2200169Ia 4500
008 - FIXED-LENGTH DATA ELEMENTS--GENERAL INFORMATION
fixed length control field 090711s9999 xx 000 0 und d
082 ## - DEWEY DECIMAL CLASSIFICATION NUMBER
Item number 34646
100 ## - MAIN ENTRY--PERSONAL NAME
Personal name Sोंदवणकर सदानंद
245 ## - TITLE STATEMENT
Title आमSो मित्र आमSो शत्रू
260 ## - PUBLICATION, DISTRIBUTION, ETC. (IMPRINT)
Date of publication, distribution, etc 1967
300 ## - PHYSICAL DESCRIPTION
Extent 120
600 ## - SUBJECT ADDED ENTRY--PERSONAL NAME
Personal name Sोंदवणकर सदानंद
630 ## - SUBJECT ADDED ENTRY--UNIFORM TITLE
Uniform title आमSो मित्र आमSो शत्रू
700 ## - ADDED ENTRY--PERSONAL NAME
Personal name Sोंदवणकर सदानंद
730 ## - ADDED ENTRY--UNIFORM TITLE
Uniform title आमSो मित्र आमSो शत्रू
942 ## - ADDED ENTRY ELEMENTS (KOHA)
Koha item type Book
Holdings
Withdrawn status Lost status Damaged status Not for loan Home library Current library Date acquired Cost, normal purchase price Total Checkouts Full call number Barcode Date last seen Cost, replacement price Price effective from Koha item type
        Dadar Sarvajanik Vachanalaya, Dardar Dadar Sarvajanik Vachanalaya, Dardar 07/11/2009 2.50   34646 DASAVA-34646 07/11/2009 2.50 07/11/2009 Book